| 000 | 00645nam a2200205 i 4500 | ||
|---|---|---|---|
| 001 | 28505 | ||
| 003 | ES-MaACL | ||
| 005 | 20230906153852.0 | ||
| 007 | t| | ||
| 008 | 030117s1974 sp ||||1| spa d | ||
| 100 | 1 |
_aBajpai, A. C. _924763 |
|
| 245 | 1 | 0 |
_aEcuaciones diferenciales _b: texto programado / _cA. C. Bajpai, I. M. Calus y J. Hislop ; [traducido por Emilio Romero Ros]. |
| 260 |
_aMadrid : _bParaninfo, _c1974. |
||
| 300 |
_a310 p. ; _c22 cm. |
||
| 650 | 0 | 4 |
_aEcuaciones diferenciales. _912044 |
| 700 | 1 |
_aCalus, I. M. _933792 |
|
| 700 | 1 |
_aHislop, J. _963826 |
|
| 700 | 1 |
_aRomero Ros, Emilio. _999436 |
|
| 852 |
_aES-MaACL _jC-56098 |
||
| 999 |
_c28505 _d28505 |
||